000 01001nam a2200229Ia 4500
001 5264
005 20260417133938.0
008 260306t2012||||xx |||||||||||||| ||spa||
041 _aESP
082 _a338.5
_bC32A 2012
100 _aCase, Karl E.
_eAUT
245 0 _aPrincipios de microeconomía
260 _c2012
300 _axxvii, 476 páginas :
_c27 cm.
650 _aGEN
654 _aCAN
856 _uhttps://itmsp.museknowledge.com/UCSP?url=https://www.ebooks7-24.com:443/?il=3449&pg=1
_zVersión digital
856 _uhttps://0u213ww31-y-https-ebooks7--24-com.itmsp.museknowledge.com/biblioteca.aspx
_zVéase además: Base de datos Ebook7-24
856 _uhttps://0u20fww38-y-https-research-ebsco-com.itmsp.museknowledge.com/c/qxo6us/search
_zVéase además: Base de datos EBSCOhost
856 _uhttps://0u20vww3c-y-https-ebookcentral-proquest-com.itmsp.museknowledge.com/lib/catolicasp/home.action
_zVéase además: Base de datos ProQuest Ebook Central
942 _cLIB
_dJUS
_fJUS
_2ddc
999 _c5264
_d5264